000 00731nam a22001817a 4500
999 _c371681
_d371681
008 201127b ||||| |||| 00| 0 eng d
040 _aDE-2950
_bger
_cDE-2950
_erda
041 _ager
245 _aVerzögerter Kohleausstieg.
_bStadtwerke: Ab dem Frühjahr 2023 sollte Schluss sein mit dem fossilen Brennstoff in Frankfurt. Doch der unsichere Energiemarkt durchkreuzt den Zeitplan/
_cThomas Gutke
264 _c2022
653 _aFrankfurt (Oder)
653 _aEnergieversorgung
773 _dFrankfurt (Oder) Märkisches Verlags- und Druckhaus GmbH & Co KG
_tMärkische Oderzeitung
_g33. Jahrgang (2022) Nr. 134 vom 11./12.06.2022, S. 15
942 _cA